| Tag |
First Indicator |
Second Indicator |
Subfields |
| LEADER |
00000cas a2200000 a 4500 |
| 001 |
in00001323921 |
| 005 |
20151005074243.0 |
| 008 |
960920d19961996ctuar 0 0eng d |
| 010 |
|
|
|a sn 96034575
|
| 029 |
1 |
|
|a NLGGC
|b 160331234
|
| 035 |
|
|
|a (OCoLC)ocm35594570
|
| 035 |
|
|
|a (OCoLC)35594570
|
| 035 |
|
|
|9 AHC9456AM
|
| 040 |
|
|
|a IWA
|c IWA
|d UIU
|d IUL
|d GUA
|d WAU
|d OCLCQ
|d GUA
|d NLGGC
|d UtOrBLW
|
| 042 |
|
|
|a lcd
|
| 049 |
|
|
|a TXAM
|
| 050 |
1 |
4 |
|a HD69.I7
|b R472
|
| 050 |
1 |
4 |
|a HD2755.5
|b .R472
|
| 092 |
0 |
|
|a 338.88
|b R312, sup.
|2 20
|
| 245 |
0 |
0 |
|a Research in international business and finance.
|p Supplement.
|
| 264 |
|
1 |
|a Greenwich, Conn. :
|b JAI Press,
|c [1996]
|
| 264 |
|
4 |
|c ©1996
|
| 300 |
|
|
|a 1 volume :
|b illustrations ;
|c 24 cm.
|
| 310 |
|
|
|a Annual
|
| 336 |
|
|
|a text
|b txt
|2 rdacontent
|
| 337 |
|
|
|a unmediated
|b n
|2 rdamedia
|
| 338 |
|
|
|a volume
|b nc
|2 rdacarrier
|
| 362 |
0 |
|
|a 1 (1996).
|
| 500 |
|
|
|a Title from cover.
|
| 650 |
|
0 |
|a International business enterprises
|v Periodicals.
|
| 650 |
|
0 |
|a International business enterprises
|x Finance
|v Periodicals.
|
| 650 |
1 |
7 |
|a Effectenhandel.
|2 gtt
|
| 650 |
1 |
7 |
|a Kapitaalmarkt.
|2 gtt
|
| 772 |
0 |
|
|t Research in international business and finance
|x 0275-5319
|w (DLC) 82641429
|w (OCoLC)4660568
|
| 850 |
|
|
|a GU
|a InU
|
| 994 |
|
|
|a C0
|b TXA
|
| 999 |
|
|
|a MARS
|
| 999 |
f |
f |
|s 4836f2be-56a2-35f0-8df8-4db2a36b7d83
|i 08d376c2-38ec-3aff-a368-ddc4c1ace432
|t 0
|
| 952 |
f |
f |
|p ric
|a Texas A&M University
|b Rellis Campus
|c Joint Library Facility
|d Remote Storage
|t 0
|e HD69.I7 R462
|h Library of Congress classification
|i unmediated -- volume
|k 1
|l 1996
|m A14820442245
|
| 998 |
f |
f |
|a HD69.I7 R462
|s 1 (1996)
|t 0
|l Remote Storage
|